Willmott Dixon storms ahead (Record no. 83347)
[ view plain ]
| 000 -LEADER | |
|---|---|
| fixed length control field | 00890cab a22002175a 4500 |
| 001 - CONTROL NUMBER | |
| control field | L153651 |
| 008 - FIXED-LENGTH DATA ELEMENTS--GENERAL INFORMATION | |
| fixed length control field | 110815e20110812xxk 000 0 eng d |
| 035 ## - SYSTEM CONTROL NUMBER | |
| System control number | (Sirsi) u153651 |
| 041 0# - LANGUAGE CODE | |
| Language code of text/sound track or separate title | eng |
| 100 1# - MAIN ENTRY--PERSONAL NAME | |
| Personal name | Withers, Iain |
| 245 00 - TITLE STATEMENT | |
| Title | Willmott Dixon storms ahead |
| Remainder of title | business barometer |
| 260 ## - PUBLICATION, DISTRIBUTION, ETC. | |
| Date of publication, distribution, etc. | 2011 |
| 490 ## - SERIES STATEMENT | |
| Series statement | Building |
| Volume/sequential designation | 276 (8691) 12 August 2011, 18-19(2) |
| 520 ## - SUMMARY, ETC. | |
| Summary, etc. | Overview; tables of top contractors including and excluding civils for July 2011; yearly work won August 2010-July 2011; top architects, clients/promoters, and quantity surveyors August 2010 to July 2011 using information from Barbour ABI; workloads, low property transactions, regions of the UK with 'first-time buyer blackspots'. |
| 590 ## - LOCAL NOTE (RLIN) | |
| Local note | KA |
| 651 #4 - SUBJECT ADDED ENTRY--GEOGRAPHIC NAME | |
| Geographic name | United Kingdom |
| Chronological subdivision | |
| 690 ## - LOCAL SUBJECT ADDED ENTRY--TOPICAL TERM (OCLC, RLIN) | |
| Topical term or geographic name as entry element | BUILT ENVIRONMENT-CONSTRUCTION MARKET |
| 700 1# - ADDED ENTRY--PERSONAL NAME | |
| Personal name | Green, Brian |
| 700 1# - ADDED ENTRY--PERSONAL NAME | |
| Personal name | Forrest, Kelly |
| 942 ## - ADDED ENTRY ELEMENTS (KOHA) | |
| Suppress in OPAC | 0 |
| Withdrawn status | Lost status | Source of classification or shelving scheme | Damaged status | Not for loan | Home library | Current library | Shelving location | Date acquired | Total Checkouts | Full call number | Barcode | Date last seen | Copy number | Price effective from | Koha item type |
|---|---|---|---|---|---|---|---|---|---|---|---|---|---|---|---|
| Dewey Decimal Classification | London | London | Journal article | 15/08/2011 | L153651 | 153651-1001 | 06/08/2019 | 1 | 06/08/2019 | Journal article |